| 000 -LEADER |
| fixed length control field |
00728nam a22002297a 4500 |
| 001 - CONTROL NUMBER |
| control field |
2919 |
| 003 - CONTROL NUMBER IDENTIFIER |
| control field |
BD-DhUAP |
| 005 - DATE AND TIME OF LATEST TRANSACTION |
| control field |
20200302113422.0 |
| 008 - FIXED-LENGTH DATA ELEMENTS--GENERAL INFORMATION |
| fixed length control field |
200302s1999 nyua|||| |||| 001 0 eng d |
| 020 ## - INTERNATIONAL STANDARD BOOK NUMBER |
| International Standard Book Number |
3211832904 |
| 040 ## - CATALOGING SOURCE |
| Original cataloging agency |
BD-DhUAP |
| Language of cataloging |
eng |
| Transcribing agency |
BD-DhUAP |
| Modifying agency |
BD-DhUAP |
| 082 ## - DEWEY DECIMAL CLASSIFICATION NUMBER |
| Edition number |
23 |
| Classification number |
726 WOR |
| 245 ## - TITLE STATEMENT |
| Title |
World architecture 1900-2000 : |
| Remainder of title |
a critical mosaic / |
| Statement of responsibility, etc. |
Edited by Kenneth Frampton and Yuri P. Gnedovsky. |
| 260 ## - PUBLICATION, DISTRIBUTION, ETC. |
| Place of publication, distribution, etc. |
New York : |
| Name of publisher, distributor, etc. |
Springer, |
| Date of publication, distribution, etc. |
©1999. |
| 300 ## - PHYSICAL DESCRIPTION |
| Extent |
volumes : |
| Other physical details |
illustrations ; |
| Dimensions |
30 cm. |
| 500 ## - GENERAL NOTE |
| General note |
Include index.<br/> |
| 505 ## - FORMATTED CONTENTS NOTE |
| Formatted contents note |
V. 7- Russia-USSR-CIS. |
| 650 ## - SUBJECT ADDED ENTRY--TOPICAL TERM |
| Topical term or geographic name entry element |
Architecture |
| Form subdivision |
History |
| Chronological subdivision |
20th century |
| Geographic subdivision |
Europe. |
| 700 ## - ADDED ENTRY--PERSONAL NAME |
| Personal name |
Frampton, Kenneth. |
| 700 ## - ADDED ENTRY--PERSONAL NAME |
| Personal name |
Gnedovsky, Yuri P. |
| 942 ## - ADDED ENTRY ELEMENTS (KOHA) |
| Source of classification or shelving scheme |
|
| Koha item type |
Book |